|
|
|
|
| LEADER |
00000cam a2200000 i 4500 |
| 001 |
1/89424 |
| 008 |
941103s1987 gr | ||| |||| ||gre|| |
| 020 |
|
|
|a 9600203202
|
| 035 |
|
|
|a 1991
|c ΤΣΙΒΑΚΟΥ
|l 10007209
|
| 040 |
|
|
|a GR-MyUA
|b gre
|e AACR2
|
| 041 |
0 |
|
|a gre
|
| 082 |
0 |
|
|a 300.18
|
| 100 |
1 |
|
|a Γέμτος, Πέτρος Α.,
|d 1939-
|
| 245 |
1 |
0 |
|a Μεθοδολογία των κοινωνικών επιστημών :
|b μεταθεωρία και ιδεολογική κριτική των επιστημών του ανθρώπου /
|c Πέτρου Α. Γέμτου.
|
| 250 |
|
|
|a 3η έκδ.
|
| 260 |
|
|
|a Αθήνα :
|b Παπαζήση,
|c 1987.
|
| 300 |
|
|
|a 2 τ. ;
|c 21 εκ.
|
| 504 |
|
|
|a Περιέχει βιβλιογραφικές αναφορές και ευρετήριο.
|
| 650 |
0 |
0 |
|a Social sciences
|x Methodology.
|
| 650 |
0 |
0 |
|a Social sciences.
|
| 650 |
0 |
0 |
|a Social sciences
|x Mathematics.
|
| 852 |
|
|
|a INST
|b LESVOS
|e 19950313
|h 300.18 ΓΕΜ
|p 005100002466
|q 005100002466
|t BK
|y 0
|z v.1
|
| 852 |
|
|
|a INST
|b LESVOS
|e 19961209
|h 300.18 ΓΕΜ
|p 005100008831
|q 005100008831
|t BK
|y 0
|z v.2
|
| 852 |
|
|
|a INST
|b LESVOS
|e 19950313
|h 300.18 ΓΕΜ
|p 005100002466
|q 005100002466
|t BK
|v v.1:
|y 0
|z v.1
|
| 852 |
|
|
|a INST
|b LESVOS
|e 19961209
|h 300.18 ΓΕΜ
|p 005100008831
|q 005100008831
|t BK
|v v.2:
|y 0
|z v.2
|
| 852 |
|
|
|a INST
|b SAMOS
|e 19941103
|h 300.72 ΓΕΜ
|p 005300003431
|q 005300003431
|t BK
|y 0
|z τ.2
|
| 852 |
|
|
|a INST
|b SAMOS
|e 19941103
|h 300.72 ΓΕΜ
|p 005300003432
|q 005300003432
|t BK
|y 0
|z τ.1
|
| 852 |
|
|
|a INST
|b SAMOS
|e 19941103
|h 300.72 ΓΕΜ
|p 005300003431
|q 005300003431
|t BK
|v τ.2:
|y 0
|z τ.2
|
| 852 |
|
|
|a INST
|b SAMOS
|e 19941103
|h 300.72 ΓΕΜ
|p 005300003432
|q 005300003432
|t BK
|v τ.1:
|y 0
|z τ.1
|
| 853 |
|
|
|a INST
|b LESVOS
|h 300.18 ΓΕΜ
|
| 853 |
|
|
|a INST
|b SAMOS
|h 300.72 ΓΕΜ
|
| 901 |
|
|
|a BIBL3-2004-1
|
| 909 |
|
|
|a Λ
|b 011162
|
| 909 |
|
|
|a Λ
|b 011163
|
| 909 |
|
|
|a Σ
|b 020758
|
| 909 |
|
|
|a Σ
|b 020759
|